Normal view
MARC view
Entry Personal Name
001 - CONTROL NUMBER
- control field: 87304
003 - CONTROL NUMBER IDENTIFIER
- control field: dpl
005 - DATE AND TIME OF LATEST TRANSACTION
- control field: 20260211160302.0
008 - FIXED-LENGTH DATA ELEMENTS
- fixed length control field: 260211|| aca||aabn | a|a d
040 ## - CATALOGING SOURCE
- Original cataloging agency: dpl
- Transcribing agency: dpl
100 ## - HEADING--PERSONAL NAME
- Personal name: Khyali Singh
670 ## - SOURCE DATA FOUND
- Source citation: Work cat.: (dpl)214811: Khyali Singh, Cyber Leviathan/, 2026
